000 00338 a2200157 4500
001 72453
020 _a
040 _cAnchieta - Colégio São Paulo
100 _aDiniz, Antonio Luiz
240 1 0 _aVisão Inocente
_lpor
245 1 0 _aVisão Inocente
300 _a134
362 0 _a2002
650 4 _aLiteratura juvenil
942 _cBK
999 _c72453
_d72453